<?xml version="1.0" encoding="UTF-8"?>
<record
    xmlns:xsi="http://www.w3.org/2001/XMLSchema-instance"
    xsi:schemaLocation="http://www.loc.gov/MARC21/slim http://www.loc.gov/standards/marcxml/schema/MARC21slim.xsd"
    xmlns="http://www.loc.gov/MARC21/slim">

  <leader>00576nam a22001817a 4500</leader>
  <controlfield tag="003">UA-OsUOA</controlfield>
  <controlfield tag="001"> 19329 </controlfield>
  <controlfield tag="007">ta</controlfield>
  <controlfield tag="008">20040810b un ||||| |||| 00| 0 ukr d</controlfield>
  <datafield tag="100" ind1=" " ind2=" ">
    <subfield code="a">&#x414;&#x438;&#x431;'&#x44F;&#x43A; &#x41D;.</subfield>
  </datafield>
  <datafield tag="942" ind1=" " ind2=" ">
    <subfield code="c">SA</subfield>
  </datafield>
  <datafield tag="040" ind1=" " ind2=" ">
    <subfield code="a">UA-OsUOA</subfield>
    <subfield code="c">UA-OsUOA</subfield>
    <subfield code="d">UA-OsUOA</subfield>
  </datafield>
  <datafield tag="245" ind1=" " ind2=" ">
    <subfield code="a">&#x41F;&#x440;&#x43E; &#x449;&#x43E; &#x43C;&#x43E;&#x432;&#x438;&#x442;&#x44C; &#x41A;&#x430;&#x440;&#x456;&#x430;&#x442;&#x438;&#x434;&#x430;</subfield>
    <subfield code="b">[&#x420;&#x435;&#x446;. &#x43D;&#x430; &#x43A;&#x43D;. &#x412;.&#x41A;&#x43B;&#x438;&#x43C;&#x435;&#x43D;&#x442;&#x43E;&#x432;&#x441;&#x44C;&#x43A;&#x43E;&#x457; "&#x41A;&#x430;&#x440;&#x456;&#x430;&#x442;&#x438;&#x434;&#x430;"]</subfield>
  </datafield>
  <datafield tag="300" ind1=" " ind2=" ">
    <subfield code="a">&#x421;.7</subfield>
  </datafield>
  <datafield tag="955" ind1=" " ind2=" ">
    <subfield code="a">0</subfield>
  </datafield>
  <datafield tag="773" ind1="0" ind2=" ">
    <subfield code="w">0</subfield>
    <subfield code="t">&#x412;&#x456;&#x43B;&#x44C;&#x43D;&#x435; &#x441;&#x43B;&#x43E;&#x432;&#x43E;</subfield>
    <subfield code="d">&#x420;&#x456;&#x432;&#x43D;&#x435;</subfield>
    <subfield code="d">2004</subfield>
    <subfield code="g">&#x2116;57/4 &#x441;&#x435;&#x440;&#x43F;./</subfield>
  </datafield>
  <datafield tag="650" ind1=" " ind2="7">
    <subfield code="a">&#x41A;&#x43B;&#x435;&#x43C;&#x435;&#x43D;&#x442;&#x43E;&#x432;&#x441;&#x44C;&#x43A;&#x430; &#x412;.</subfield>
    <subfield code="2">UDC</subfield>
  </datafield>
  <datafield tag="999" ind1=" " ind2=" ">
    <subfield code="c">305500</subfield>
    <subfield code="d">305500</subfield>
  </datafield>
</record>
